1159 1645 1544 1081 1988 1030 1732 1567 1750 1664 1075 1059 1986 1270 1411 1029 1012 1334 1276 1496 1125 1987 1884 1209 1161 1721 1853 1071 1805 1673 1510 1786 1375 1079 1536 1915 1102 1518 1453 1619 1602 1851 1120 1293 1264 1141 1668 1298 1047 1695 1954 1245 1510 1042 1492 1578 1001 1547 1351 1046 1807 1391 1115 1517 1066 1747 1821 1076 1755 1293 1780 1340 1299 1903 1728 1266 1136 1007 1345 1414 1736 1432 1152 1887 1627 1154 1049 1188 1381 2000 1040 1643 1922 1429 1175 1678 1004 1467 1617 BCNSPRNW ULIB Ver.6.0+V

เปลี่ยนเป็นภาษาไทย

Change to English
 แสดงรายละเอียดบรรณานุกรม
  กลับหน้าหลัก

Brief Record : Get Marc (ISO 2709) : E-mail record : QR code < ปิดหน้าต่าง
LEADER : 00000nam 2200000uu 4500
001    13399112712
003     ULIB
008    110905s2547||||th 000 0 tha d
050 04 LB1JT3^bน266ร 2547
110 1  มหาวิทยาลัยนเรศวร
245 00 หนังสือรายงานประจำปี มหาวิทยาลัยนเรศวร 2547 สรุปผลการดำเนินงานในรอบ4ปี=^bAnnual Reports Naresuan University 2004 /^cมหาวิทยาลัยนเรศวร
246 31 Annual Reports Naresuan University 2004
260    พิษณุโลก :^bมหาวิทยาลัยนเรศวร,^c2547
300    160 หน้า:^bภาพประกอบสี
650  7 รายงานประจำปี
650  7 มหาวิทยาลัยนเรศวร
945    ^p0^l0^i016582
945    ^p0^l0^i016583
945    ^p0^l0^i016584
995    ทศพร
999 ^a ทศพร
รายการนี้ยังไม่มีแท็ก
คุณยังไม่ได้ล็อกอิน คุณสามารถมีกิจกรรมร่วมกับเว็บไซต์ได้ แต่ต้องล็อกอินก่อน ::
  ล็อกอิน

รายการสื่อสารสนเทศ

ลำดับที่ ประเภท เลขเรียก/บาร์โค้ด สถานที่ สถานะ
- ไม่พบข้อมูล -

รายการใกล้เคียง
    หัวเรื่อง [รายงานประจำปี]
    หัวเรื่อง [มหาวิทยาลัยนเรศวร]

BibComment


ยังไม่เคยถูกคอมเมนท์

คอมเมนท์ทรัพยากรรายการนี้
  คอมเมนท์: หนังสือรายงานประจ..


 Copyright 2026. Bcnsprnw @Library